Guess the Category by Answers - Statistics

General Stats
  • This quiz has been taken 43 times
  • The average score is 9 of 15
Answer Stats
Answers Category % Correct
McDonald's, Burger King, KFC Fast Food Chains
89%
Van Gogh, Picasso, Dali Artists
82%
Shakespeare, Dahl, Rowling Authors
82%
U2, Pearl Jam, Eagles Bands
76%
Tarentino, Kubrick, Spielberg Directors
76%
Spirit, Southwest, Delta Airlines
68%
Big Mac, Quarter Pounder, McRib Mcdonald's Menu Items
68%
South Park, Friends, Seinfeld TV Shows
66%
Adams, Fillmore, Arthur U.S Presidents
55%
Riga, Amman, Khartoum Capitals
53%
Nina, Pinta, Santa Maria Columbus' Ships
45%
Nickelodeon, CBS, NBC TV Channels
45%
Samoa, Tonga, Nauru Oceanic Countries
39%
Omaha, Gold, Juno Normandy Beaches
37%
Blockbuster, RadioShack, Toys R Us Shut Down Businesses
5%
No matching quizzes found
Score Distribution
Percent of People with Each Score
Percentile by Number Answered
Your Score History
You have not taken this quiz